000 00983naa a2200277 c 4500
001 42208
003 ES-MaCES
005 20111019142000.0
008 111019n2011 fr t 000 | fre d
035 _aCES20110011002v
040 _aES-MaCES
_bspa
_cES-MaCES
100 1 _aViney, Geneviève
_925979
245 1 2 _aL'evolution du droit de l'indemnisation des victimes d'accidents du travail et de maladies professionelles
_cGeneviève Viney
650 4 _aFrancia
_926943
650 4 _alegislación de seguridad social
_929855
650 4 _aindemnización
_930642
650 4 _amutualidad
_930256
650 4 _aseguros
_928121
650 4 _aconvenio de seguridad social
_930151
650 4 _aaccidente de trabajo
_928345
653 1 0 _aJurisprudencia
773 0 _tDroit social
_gnº 9-10 (sept.-oct. 2011){10143 R. 079979}; p. 964-973
_w(ES-MaCES)25161
_938233
902 _aART Artículo de revista
942 _2CES
_cAR
_h6.2.
999 _c42208
_d42208